00685 2200265 4500001002100000005001500021035002000036007000300056008004100059020002200100082001000122084001700132100001200149245009300161250001000254260004400264300002400308600002100332990000900353990000900362990000900371990001300380990001300393990001300406INLIS00000000000754020251216032500 a0010-1221000038ta251216 g 0 ind  a978-602-02-1263-0 a131.3 a131.3 ABU m0 aABU ALY1 aMATAHARI SUKSES HABIS GELAP TRBITLAH TERANG :b100% Royalti untuk kemanusiaan /cABU ALY acet.1 aJakarta :bElex media komputindo,c2020 a175 :bilus ;c23cm 4aAhli Bibliografi a4481 a4483 a4484 a022.7661 a022.7662 a022.7663